College Quizbowl Stats
College Quizbowl Stats
Circuits
Seasons
Sets
Records
Detailed Stats
About
Loading...
2024 ARGOS @ Stanford
Tossups
Bonuses
Players
Teams
Categories (Tossup)
Categories (Bonus)
John Xiang
Stanford A
Categories
Category
Powers
Gets
Negs
BBs
Points
Earliest Buzz
Avg. Buzz
First Buzzes
Top 3 Buzzes
BPA
PVF
Literature - American
1
0
0
0
15
75
75.00
1
1
0.00
0.00
Fine Arts - Auditory
0
1
0
1
10
137
137.00
0
1
0.00
0.00
Literature - British
0
1
2
0
0
131
131.00
0
1
0.00
0.00
Science - Other
0
0
1
0
-5
0.00
0
0
0.00
0.00
Buzzes
Category
Answer
Value
Buzz Position
Literature - American
Percival Everett
15
75
Science - Other
k-nearest neighbors
-5
95
Literature - British
Isabel Archer
-5
125
Literature - British
Richard III
10
131
Fine Arts - Auditory
èrhú
10
137
Literature - British
P. G. Wodehouse
-5
137
Previous
1
Next